000 02854nam a2200265 4500
003 DO-SdBJH
005 20260305203535.0
008 260305b2025 |||d|||| |||| 00| 0 spa d
040 _aDO-SdBJH
_bspa
_cDO-SdBJH
041 0 _aspa
090 _aCT MA-DHIH 0001
_bEGDDHH 2025
100 1 _esustentante
_aMedina, Mayrelis D.
245 1 0 _aNuevas formas de esclavitud y su afectación a los derechos humanos de los inmigrantes en República Dominicana :
_bperíodo 2018-2023 /
_cMayrelis D. Medina ; asesor de contenido Katty E. Tapia Carrasco ; asesor metodológico Dominga D. Méndez Medina.
260 _aSanto Domingo, República Dominicana :
_bUNADE,
_c2025.
300 _axv, 81, [07] páginas :
_bgráficas.
502 _aTesis y trabajos de grado (Maestría en Derechos Humanos y Derecho Internacional Humanitario)--Universidad Nacional para la Defensa "General Juan Pablo Duarte y Díez", Escuela de Graduados en Derechos Humanos y Derecho Internacional Humanitario, Santo Domingo, 2025.
504 _aIncluye referencias bibliográficas y anexos.
505 _aEvolución histórica y contextual de las nuevas formas de esclavitud en República Dominicana, tendencias y cambios durante el período 2018-2023 -- Marco legal y doctrinal que aborda las nuevas formas de esclavitud en la República Dominicana y su afectación en los derechos humanos de los inmigrantes -- Eficacia de las medidas de prevención, mitigación y respuesta frente a las nuevas formas de esclavitud y la protección de los derechos humanos de los inmigrantes en la República Dominicana.
520 _aEsta investigación analiza las formas modernas de esclavitud y su impacto en los derechos humanos de los inmigrantes en la República Dominicana durante el período 2018-2023. A pesar de la existencia de marcos legales y tratados internacionales ratificados por el Estado dominicano, la persistencia de prácticas como la trata de personas, el trabajo estructurales en la implementación de políticas y mecanismos de protección. El estudio subraya la vulnerabilidad de las poblaciones inmigrantes, en particular mujeres y niños, a estas violaciones, la cual se ve agravada por factores como la pobreza, la falta de protección jurídica, la discriminación y una débil coordinación institucional. El objetivo general de este estudio es analizar las nuevas formas de esclavitud y su impacto en los derechos humanos de los inmigrantes en la República Dominicana desde 2018 hasta 2023.
650 7 _2lemb
_aEsclavitud Moderna
_vInvestigaciones
_xTrata de personas
_y2018-2023
_zRepública Dominicana
650 7 _2lemb
_aInmigrantes
_vInvestigaciones
_xDerechos Humanos
_xAspectos legales
_y2018-2023
_zRepública Dominicana
700 1 _aTapia Carrasco, Katty E.
_easesor de contenido
700 1 _easesor metodológico
_aMéndez Medina, Dominga D.
942 _2CL
_cT
999 _c8590
_d8590